| 000 | 00630nam a2200193Ia 4500 | ||
|---|---|---|---|
| 003 | OSt | ||
| 005 | 20251008120201.0 | ||
| 008 | 220923b |||||||| |||| 00| 0 eng d | ||
| 037 | _cReference | ||
| 040 |
_aRTL _cRTL _beng |
||
| 041 |
_2eng _aeng |
||
| 084 |
_aΣ.58.N8, M8/SC _qRTL |
||
| 100 |
_aNikolsky Nikolai _9230259 |
||
| 245 | 0 | _aPhilosophy of new thinking and the Soviet initiatives. | |
| 260 |
_aAhemdabad _bAllied publishers Pvt. Ltd. _c1988 |
||
| 300 |
_aviii,157p. _ccm. _bIncludes bibliographical references and index. |
||
| 942 |
_hΣ.58.N8, M8/SC _cREF _2CC _n0 |
||
| 999 |
_c475212 _d475212 |
||